Diagnosis and Treatment of Common Skin Diseases (Record no. 249794)

MARC details
000 -LEADER
fixed length control field 00423pam a2200157a 44500
008 - FIXED-LENGTH DATA ELEMENTS--GENERAL INFORMATION
fixed length control field 230405s2004 xxu||||| |||| 00| 0 eng d
020 ## - INTERNATIONAL STANDARD BOOK NUMBER
International Standard Book Number 8180612686
Terms of availability Rs. 217
082 ## - DEWEY DECIMAL CLASSIFICATION NUMBER
Classification number 616.5
Item number SEH
100 ## - MAIN ENTRY--PERSONAL NAME
Personal name Sehgal, Virendra N.
245 ## - TITLE STATEMENT
Title Diagnosis and Treatment of Common Skin Diseases
250 ## - EDITION STATEMENT
Edition statement 2 nd Ed.
260 ## - PUBLICATION, DISTRIBUTION, ETC.
Place of publication, distribution, etc. New Delhi
Name of publisher, distributor, etc. Jaypee Pub
Date of publication, distribution, etc. 2004
300 ## - PHYSICAL DESCRIPTION
Extent 252 p
700 ## - ADDED ENTRY--PERSONAL NAME
Personal name Srivastava, Govind
906 ## - LOCAL DATA ELEMENT F, LDF (RLIN)
a 001029

No items available.